|
|
|
|
| LEADER |
00000nab a2200000 a 4500 |
| 001 |
vtls009094408 |
| 003 |
SK-MaSNL |
| 005 |
20260304151951.0 |
| 008 |
250506c2007 xo |||||||||||000 b|slo |
| 015 |
|
|
|a SNBRB2007/09
|2 snkbucl
|
| 035 |
|
|
|a (uuid)3a985a36-b573-4529-bea0-57a6253c4349
|
| 035 |
|
|
|a urn:nbn:sk:snk-ab1f7k
|
| 035 |
|
|
|a (urnnbn)urn:nbn:sk:snk:ar-0034tz
|
| 038 |
|
|
|a SNKBUCL
|
| 040 |
|
|
|a SNKBUCL
|b slo
|c SNKBUCL
|e AACR2
|
| 041 |
0 |
|
|a slo
|
| 044 |
|
|
|a xo
|c SK
|
| 080 |
|
|
|a 004.658.2:005:659.23
|2 2001
|
| 080 |
|
|
|a 005:004.89+659.23
|2 2001
|
| 100 |
1 |
|
|a Pogany, Tomáš
|4 aut
|9 1473816
|
| 245 |
1 |
0 |
|a Riadok či stĺpec?
|b problémy dátových skladov - hnacích motorov Business Intelligence
|c Tomáš Pogany
|
| 300 |
|
|
|b Sch.
|
| 650 |
0 |
7 |
|a skladovanie dát
|2 snkbucl
|9 19625
|
| 650 |
0 |
7 |
|a business intelligence
|2 snkbucl
|9 89988
|
| 773 |
0 |
|
|t Infoware
|g Č. 5 (2007), s. 38-39
|x 1335-4787
|
| 850 |
|
|
|a Slovenská národná knižnica
|
| 852 |
|
|
|a Slovenská národná knižnica
|
| 954 |
|
|
|a odborná, vedecká literatúra pôvodná (slovenská)
|2 lita
|
| 958 |
|
|
|a article2022
|
| 958 |
|
|
|a OND
|
| 958 |
|
|
|a EUIPO
|
| 999 |
|
|
|c 2946613
|d 2948543
|